Central Library OPAC University of Rajshahi
Normal view MARC view

Entry Personal Name

Number of records used in: 12

001 - CONTROL NUMBER

  • control field: 11071

003 - CONTROL NUMBER IDENTIFIER

  • control field: BD-RjUL

005 - DATE AND TIME OF LATEST TRANSACTION

  • control field: 20240123150009.0

008 - FIXED-LENGTH DATA ELEMENTS

  • fixed length control field: 240123|| aca||aabn | a|a d

040 ## - CATALOGING SOURCE

  • Original cataloging agency: BD-RjUL
  • Transcribing agency: BD-RjUL

100 ## - HEADING--PERSONAL NAME

  • Personal name: Gissing, George,
  • Dates associated with a name: 1857-1903.
  • Title of a work: New Grub Street

670 ## - SOURCE DATA FOUND

  • Source citation: Work cat.: (BD-RjUL)82751: Keating, P. J. (Peter John), 1939- 11070, George Gissing:, 1968.